Vodné elektrárne v prevádzke

Bibliographic Details
Main Author: Tekeľ, Ladislav (Author)
Format: Book
Language:Slovak
PhysicalDescription:319, [1] s. fotogr., ilustr. 8°
Published: Bratislava Praha Slovenské vydavateľstvo technickej literatúry Státní nakladatelství technické literatury 1961
Edition:1. vyd.
Series:Edícia energetickej literatúry
Subjects:

MARC

LEADER 00000cam a2200000 a 4500
001 vtls008338620
003 SK-MaSNL
005 20260311143911.0
008 230403s1961 xo ao n 001 0 slo
015 |a SKSNBA1961/06-01023 
020 |q (viaz.) 
035 |a SK01SNK19610030837 
035 |a urn:nbn:sk:snk-am3islr 
035 |a 97F1D385-00A3-48F6-AA38-1DEC2C3FC75B 
035 |a urn:nbn:sk:snk-am00fg9o 
035 |a SKM000033300 
040 |a SNK  |b slo  |c SNK  |e AACR2 
041 0 |a slo 
043 |a e-cs--- 
044 |a xo  |c SK  |a xr  |c CZ 
072 7 |a 620.9  |x Energetika  |2 konspekt 
080 |a 621.311.21  |2 2011 
080 |a (437)  |2 2011 
080 |a (035)  |2 2011 
100 1 |a Tekeľ, Ladislav  |4 aut  |9 504234 
245 1 0 |a Vodné elektrárne v prevádzke  |c Ladislav Tekeľ 
250 |a 1. vyd. 
260 |a Bratislava  |b Slovenské vydavateľstvo technickej literatúry  |a Praha  |b Státní nakladatelství technické literatury  |c 1961  |e Brno  |f Tisk 
300 |a 319, [1] s.  |b fotogr., ilustr.  |c 8° 
366 |e 1200 výtl. 
490 1 |a Edícia energetickej literatúry 
500 |a Obsahuje bibliografiu a register 
650 0 7 |a vodné elektrárne  |2 SNKPH  |9 28806 
650 0 7 |a Hydroelectric power plants  |2 SNKPHeng  |9 329751 
651 7 |a Československo  |2 SNKPHgeo  |9 21376 
651 7 |a Czechoslovakia  |2 SNKPHeng  |9 265183 
655 7 |a príručky  |2 SNKPH  |9 74364 
655 7 |a Handbooks, manuals, etc.  |2 SNKPHeng  |9 90964 
830 0 |a Edícia energetickej literatúry  |9 280116 
852 |a Slovenská národná knižnica 
954 |a odborná, vedecká literatúra pôvodná (slovenská)  |2 lita 
958 |a OND 
958 |a RK 
958 |a NB 
958 |a EUIPO 
999 |c 1078639  |d 1080569 
952 |a SNK  |b SNK  |y PREZ  |7 0  |p 17A0843056  |o snkSC 15395  |i snkKSP 3260/61  |0 0  |1 0  |4 0  |d 2020-07-03  |f 1  |l 0  |r 2025-07-18 00:00:00  |w 2026-02-24 
952 |a SNK  |b SNK  |y VYP  |7 0  |o snkSC 15395 D1  |0 0  |1 0  |4 0  |d 2020-07-03  |l 0  |r 2026-02-24 16:17:59  |w 2026-02-24